Представление документа в формате MARC21

Поле Инд. ПП Название Значение
Тип записи a
Библиографический уровень m
001 Контрольный номер RU/IS/BASE/544544096
005 Дата корректировки 20240401091714.3
040 b Код языка каталог. rus
041 0_ a Код языка текста rus
080 a Индекс УДК 004.514
084 a Индекс другой классификации/Индекс ББК 32.973
090 x Авторский знак В72
097 b Оператор 02
100 1_ a Автор Волянюк А. В.
245 10 a Заглавие Эргономическая экспертиза пользовательского интерфейса компьютерных игр
b Продолж. заглавия дисс. на соиск. степени магистра техн. наук : 1-23 80 08
c Ответственность науч. рук. В. В. Савченко
h Физич. носитель только электронный вариант
260 a Место издания Минск
b Издательство БГУИР
c Дата издания 2016
510 0_ a Примечание о ссылках Диссертации и авторефераты диссертаций
653 0_ a Ключевые слова интерфейсы; компьютерные игры; эргономика
901 t Тип документа d